Gaming Quiz

Random Gaming or Pokémon Quiz

Pokémon Generation I Types (Pic Click) Quiz Stats

 Plays Quiz not verified by Sporcle

Score 0/38 Timer 08:00
0 Plays Today
% Correct
Fire|Flying
84.2%
Ice|Flying
84.2%
Ghost|Poison
83.5%
Fighting
83.5%
Water|Flying
82%
Electric|Flying
81.2%
Normal|Flying
80.5%
Normal
79.7%
Rock|Flying
78.9%
Water|Fighting
78.9%
Electric|Steel
78.9%
Water|Poison
78.9%
Fire
77.4%
Dragon
76.7%
Bug
76.7%
Poison|Flying
75.9%
Electric
75.2%
Dragon|Flying
75.2%
Rock|Water
73.7%
% Correct
Psychic
73.7%
Ice|Psychic
73.7%
Grass|Psychic
72.9%
Grass|Poison
72.9%
Bug|Flying
72.9%
Ground
72.2%
Normal|Fairy
71.4%
Water|Psychic
71.4%
Fairy
70.7%
Poison|Ground
69.9%
Bug|Poison
69.2%
Psychic|Fairy
69.2%
Ground|Rock
68.4%
Grass
67.7%
Rock|Ground
67.7%
Water
67.7%
Bug|Grass
66.9%
Poison
66.9%
Water|Ice
61.7%

You're not logged in!

Compare scores with friends on all Sporcle quizzes.
Join for Free
OR
Log In

You Might Also Like...

Show Comments

Extras

Top Quizzes Today


Score Distribution

Your Account Isn't Verified!

In order to create a playlist on Sporcle, you need to verify the email address you used during registration. Go to your Sporcle Settings to finish the process.

Report this User

Report this user for behavior that violates our Community Guidelines.

Details: